Europa: Geografie mit N - Statistiken

Allgemein
  • Dieses Quiz wurde 317 mal gespielt
  • Das Durchschnittsergebnis liegt bei 9 aus 16
Antwortstatistiken
Hinweis Antwort % Korrekt
Dicht bevölkertes Land, in dem sich der größte Hafen Europas befindet Niederlande
97%
Staatsoberhaupt dieses Landes ist seit 1991 König Harald V. Norwegen
94%
Südfranzösische Großstadt unweit von Monaco, für die im Deutschen ihr italienischer Name gebräuchlich ist Nizza
93%
Als es im 19. Jahrhundert das "Königreich beider Sizilien" gab, befand sich dessen Hauptstadt nicht auf Sizilien, sondern war diese heute italienische Stadt Neapel
77%
Dicht besiedelter Berliner Stadtteil, der bis 1912 "Rixdorf" hieß Neukölln
68%
Randmeer des Atlantischen Ozeans, in dessen Mitte sich die Untiefe "Doggerbank" befindet Nordsee
62%
Dort liegt auch dieser nördlichste vom Festland aus auf dem Straßenweg erreichbare Punkt Europas Nordkap
56%
Zweitgrößte Stadt in Serbien und Hauptstadt der Vojvodina {Novi} Sad
55%
Nordenglische Stadt am Fluss Tyne, deren Einwohner "Geordies" genannt werden Newcastle
50%
Russische Millionenstadt, die zu sowjetischen Zeiten "Gorki" hieß Nischni {Nowgorod}
50%
Dieser höchste Berg Großbritanniens steht in Schottland Ben {Nevis}
42%
Steppensee zwischen Österreich und Ungarn, dessen durchschnittliche Tiefe nur 1 Meter beträgt {Neusiedler} See
32%
Größte Insel der griechischen Kykladen, die sich bis auf eine Höhe von 1000 Metern aus der Ägäis erhebt Naxos
31%
Fluss, der die Ostsee mit dem Ladogasee verbindet und dabei durch St. Petersburg fließt Newa
30%
Nordspanische Provinz, die einst ein Königreich mit der Hauptstadt Pamplona war Navarra
18%
Stadt im äußersten Nordosten Estlands, bei der im Jahr 1700 eine bedeutende Schlacht zwischen Schweden und Russland stattfand Narva
10%
Keine übereinstimmenden Quizze gefunden
Verteilung der Resultate
Anzahl Personen mit jedem Resultat
Perzentil nach korrekt beantworteten Fragen
Ihre Resultats-Entwicklung
Sie haben dieses Quiz noch nicht gespielt